Deutsche Landkreise und kreisfreie Städte nach Buchstabe - B - Statistiken

Allgemein
  • Dieses Quiz wurde 261 mal gespielt
  • Das Durchschnittsergebnis liegt bei 21 aus 31
Antwortstatistiken
Bundesland Kreis % Korrekt
Bremen Bremen
95%
Bayern Bamberg
93%
Bayern Bamberg
93%
Berlin Berlin
92%
Bremen Bremerhaven
92%
Nordrhein-Westfalen Bonn
88%
Bayern Bayreuth
87%
Bayern Bayreuth
87%
Baden-Württemberg Baden-Baden
86%
Nordrhein-Westfalen Bielefeld
84%
Nordrhein-Westfalen Bochum
84%
Nordrhein-Westfalen Bottrop
77%
Niedersachsen Braunschweig
73%
Baden-Württemberg Böblingen
68%
Sachsen Bautzen
65%
Baden-Württemberg Biberach
64%
Bayern Bad Kissingen
61%
Rheinland-Pfalz Bad Kreuznach
61%
Bayern Berchtesgadener Land
58%
Hessen Bergstraße
58%
Sachsen-Anhalt Börde
58%
Baden-Württemberg Bodenseekreis
56%
Bayern Bad Tölz-Wolfratshausen
55%
Nordrhein-Westfalen Borken
54%
Brandenburg Brandenburg an der Havel
53%
Rheinland-Pfalz Bad Dürkheim
52%
Brandenburg Barnim
51%
Rheinland-Pfalz Birkenfeld
51%
Sachsen-Anhalt Burgenlandkreis
51%
Rheinland-Pfalz Bernkastel-Wittlich
47%
Baden-Württemberg Breisgau-Hochschwarzwald
42%
Keine übereinstimmenden Quizze gefunden
Verteilung der Resultate
Anzahl Personen mit jedem Resultat
Perzentil nach korrekt beantworteten Fragen
Ihre Resultats-Entwicklung
Sie haben dieses Quiz noch nicht gespielt